Firemní eventy, to jsou především emoce

Firemné eventy ako prostriedok pre priame oslovenie cieľovej skupiny. Event - na hranici marketingovej komunikácie a klasického ochodného jednania. Cieľ firemnej akcie. Psychologický prístup ku klientovi. Aké by mali byť firemné akcie, aby mohli byť vyhodnotené ako úspešné.

Gespeichert in:
Bibliographische Detailangaben
1. Verfasser: Frýdl, Martin
Format: Buchkapitel
Sprache:Tschechisch
Schlagworte:
Tags: Tag hinzufügen
Keine Tags, Fügen Sie das erste Tag hinzu!

MARC

LEADER 00000naa$a2200000$$$4500
001 0086694
005 20231019093051.3
041 0 |a cze 
044 |a CZ 
245 1 0 |a Firemní eventy, to jsou především emoce  |c Martin Frýdl 
520 |a Firemné eventy ako prostriedok pre priame oslovenie cieľovej skupiny. Event - na hranici marketingovej komunikácie a klasického ochodného jednania. Cieľ firemnej akcie. Psychologický prístup ku klientovi. Aké by mali byť firemné akcie, aby mohli byť vyhodnotené ako úspešné. 
610 2 0 |a marketing 
610 2 0 |a komunikácia marketingová 
610 2 0 |a klienti 
610 2 0 |a partneri obchodní 
610 2 0 |a firmy 
610 2 0 |a značky výrobkov 
610 2 0 |a psychológia 
100 1 |a Frýdl, Martin